banner koha

Manejo do capim coloniao com base em diferentes alturas da vegetacao [Panicum maximum; Fisiologia vegetal; Jaboticabal; Sao Paulo; Brasil] (Registro n. 309174)

MARC details
000 -LÍDER
campo de controle de tamanho fixo 01223naa a22003377a 4500
001 - NÚMERO DE CONTROLE
campo de controle BR7804709
003 - IDENTIFICADOR DO NÚMERO DE CONTROLE
campo de controle BR-BrBNA
005 - DATA E HORÁRIO DA ÚLTIMA TRANSAÇÃO
campo de controle 20240918174136.0
007 - CAMPO FIXO DE DESCRIÇÃO FÍSICA--INFORMAÇÃO GERAL
campo de controle de tamanho fixo ta
008 - CAMPO DE DADOS FIXOS--INFORMAÇÃO GERAL
campo de controle de tamanho fixo 230509b bl.||||| |||| 00| 0 por d
040 ## - FONTE DA CATALOGAÇÃO
Instituição da catalogação original BR-BrBNA
Idioma da catalogação por
Instituição que transcreveu o registro Biblioteca Nacional de Agricultura
041 ## - CÓDIGO DE IDIOMA
Código do idioma do texto/trilha sonora ou título diferente (Pt)
072 ## - CÓDIGO DE CATEGORIA DE ASSUNTO
Código de Categoria de Assunto F60
Código do objeto 1930
-- G514
090 ## - NÚMERO DE CHAMADA LOCAL
Número de chamada F60 BR7804709
100 1# - ENTRADA PRINCIPAL--NOME PESSOAL
Nome pessoal Favoretto, V.
100 1# - ENTRADA PRINCIPAL--NOME PESSOAL
Nome pessoal Furtado, C.E.
111 1# - ENTRADA PRINCIPAL--NOME DO EVENTO
Nome do evento ou lugar Encontro sobre Pecuaria Leiteira
Local do evento Sao Carlos, SP (Brazil)
Data do evento ou assinatura do tratado 23 Apr 1978
245 1# - TÍTULO
Título Manejo do capim coloniao com base em diferentes alturas da vegetacao [Panicum maximum; Fisiologia vegetal; Jaboticabal; Sao Paulo; Brasil]
260 3# - PUBLICAÇÃO, DISTRIBUIÇÃO, ETC.
Local de publicação, distribuição, etc. Sao Carlos, SP (Brasil):
Data da publicação, distribuição, etc. 1978.
500 ## - NOTA GERAL
Nota geral Anais do Encontro sobre Pecuaria Leiteira<br/>Sao Carlos, SP (Brasil): 1978. p. 32-34<br/>(BR7804709-AM)F60<br/>
650 ## - ASSUNTO--TERMO TÓPICO
Cabeçalho tópico ou nome geográfico Fisiologia vegetal
650 ## - ASSUNTO--TERMO TÓPICO
Cabeçalho tópico ou nome geográfico Capim coloniao
650 ## - ASSUNTO--TERMO TÓPICO
Cabeçalho tópico ou nome geográfico Controle quimico
650 ## - ASSUNTO--TERMO TÓPICO
Cabeçalho tópico ou nome geográfico Curva de crescimento
650 ## - ASSUNTO--TERMO TÓPICO
Cabeçalho tópico ou nome geográfico Materia seca
650 ## - ASSUNTO--TERMO TÓPICO
Cabeçalho tópico ou nome geográfico Relacao caule-folha
650 ## - ASSUNTO--TERMO TÓPICO
Cabeçalho tópico ou nome geográfico Sao Paulo
773 0# - ENTRADA ANALÍTICA
Título Anais do Encontro sobre Pecuaria Leiteira
Número de controle do registro F60 BR7804709
Partes relacionadas Sao Carlos, SP (Brasil), 1978. p. 32-34
909 ## -
-- 202404
-- Lucia
-- 55
-- Lucia Elande
942 ## - ELEMENTOS DE ENTRADA ADICIONADOS (KOHA)
Tipo de material Koha Capítulo-Livro
Fonte da classificação ou esquema de arquivamento na estante Classificação AGRIS
Exemplares
Situação do descarte Fonte da classificação ou esquema de arquivamento na estante Situação física Não pode ser emprestado Coleção Biblioteca de origem Biblioteca atual Localização na estante Total de empréstimos Número de telefone completo Data de último acesso Número do exemplar Tipo de material Koha Situação das perdas Data de aquisição Fonte de aquisição
  Classificação AGRIS       Biblioteca Nacional de Agricultura - Binagri Biblioteca Nacional de Agricultura - Binagri Agrobase - Acervo Geral   5214 BR7804697 20/05/2024 01 Capítulo-Livro   2024-04-11 Portaria Interministerial nº 164/94

BINAGRI

Telefone: (61)3218-2567/2388/3357/2097 - binagri@agro.gov.br

Ministério da Agricultura e Pecuária , Esplanada dos Ministérios, Bloco D, Anexo B, Brasília/DF, CEP: 70.043-900